000 00318 a2200157 4500
001 44657
020 _a
040 _cAnchieta - Aquarius
100 _aGouveia, Luis Augusto
240 1 0 _aDureza
_lpor
245 1 0 _aDureza
300 _a32
362 0 _a2001
650 4 _aLiteratura infanto-juvenil
942 _cBK
999 _c44657
_d44657